Refernece manual for stenographers and typists/ (Record no. 22011)

MARC details
000 -LEADER
fixed length control field 01307nam a2200397 a 4500
001 - CONTROL NUMBER
control field vtls000018019
003 - CONTROL NUMBER IDENTIFIER
control field NLI
005 - DATE AND TIME OF LATEST TRANSACTION
control field 20210601181911.0
008 - FIXED-LENGTH DATA ELEMENTS--GENERAL INFORMATION
fixed length control field 101125s1961 nyu 001 0 eng
039 #9 - LEVEL OF BIBLIOGRAPHIC CONTROL AND CODING DETAIL [OBSOLETE]
-- 201011250132
-- VLOAD
040 0# - CATALOGING SOURCE
Original cataloging agency NLI
Language of cataloging eng
Transcribing agency VERGIS-2003
041 0# - LANGUAGE CODE
Language code of text/sound track or separate title eng
044 ## - COUNTRY OF PUBLISHING/PRODUCING ENTITY CODE
MARC country code nyu
082 04 - DEWEY DECIMAL CLASSIFICATION NUMBER
Classification number 651.7
100 1# - MAIN ENTRY--PERSONAL NAME
Personal name Gavin, Ruth E.
9 (RLIN) 61840
245 10 - TITLE STATEMENT
Title Refernece manual for stenographers and typists/
Statement of responsibility, etc. Ruth E. Gavin and E. Lillian Hutchinson
250 ## - EDITION STATEMENT
Edition statement 3rd ed.
260 ## - PUBLICATION, DISTRIBUTION, ETC.
Place of publication, distribution, etc. New York:
Name of publisher, distributor, etc. Gregg Pub. Division, McGraw-Hill,
Date of publication, distribution, etc. c1961
300 ## - PHYSICAL DESCRIPTION
Extent 188 p.:
Other physical details ill.;
Dimensions 23 cm.
500 ## - GENERAL NOTE
General note Includes index
650 #0 - SUBJECT ADDED ENTRY--TOPICAL TERM
Topical term or geographic name entry element Stenographers
9 (RLIN) 61841
650 #0 - SUBJECT ADDED ENTRY--TOPICAL TERM
Topical term or geographic name entry element Typists
9 (RLIN) 61842
650 #0 - SUBJECT ADDED ENTRY--TOPICAL TERM
Topical term or geographic name entry element Shorthand
Form subdivision Handbooks, manuals, etc.
9 (RLIN) 61843
650 #0 - SUBJECT ADDED ENTRY--TOPICAL TERM
Topical term or geographic name entry element Office practice
Form subdivision Handbooks, manuals, etc.
700 1# - ADDED ENTRY--PERSONAL NAME
Personal name Hutchinson, E. Lillian,
Relationship jt. aut
9 (RLIN) 61844
887 ## - NON-MARC INFORMATION FIELD
Content of non-MARC field Nedunchezhian
901 ## - LOCAL DATA ELEMENT A, LDA (RLIN)
a 371764
b 03/02/1965
902 ## - LOCAL DATA ELEMENT B, LDB (RLIN)
a E 651.7 G 245
903 ## - LOCAL DATA ELEMENT C, LDC (RLIN)
a 08/03/2004
904 ## - LOCAL DATA ELEMENT D, LDD (RLIN)
a Nedunchezhian
906 ## - LOCAL DATA ELEMENT F, LDF (RLIN)
a 017280
949 ## - LOCAL PROCESSING INFORMATION (OCLC)
-- VIRTUAITEM
-- 10000
-- 1
-- 100
6 PUR000371764ENG
a E 651.7 G245
942 ## - ADDED ENTRY ELEMENTS (KOHA)
Source of classification or shelving scheme Dewey Decimal Classification
Koha item type Books
Holdings
Withdrawn status Lost status Damaged status Not for loan Collection code Home library Current library Shelving location Date acquired Total Checkouts Full call number Barcode Date last seen Price effective from Koha item type
        New English National Library of India National Library of India New English - Main Stack Division     E 651.7 G 245 PUR000371764ENG 01/06/2021 01/06/2021 Books
                                                                           
web counter

Copyright ©2020 The National Library of India, Govt. of India ↔ Hosted by NVLI, MOC ↔ Technology and Design by National Library of India, Ministry of Culture, Govt. of India